| 000 | 01487nam a22003617a 4500 | ||
|---|---|---|---|
| 003 | CHAP | ||
| 005 | 20220329141005.0 | ||
| 008 | 971013s1994 r 00010 d | ||
| 010 | _a61004 | ||
| 011 | _a61976 | ||
| 035 | _a66148 | ||
| 040 | _cCHAP | ||
| 090 | _aFolleto 14702 v.10 | ||
| 100 | 0 | 0 |
_aMediola Vázquez, Alfonso A. _974122 |
| 245 | _aGuía para cultivar lirio híbrido Lilium en invernadero | ||
| 260 |
_aMetepec, Méx. : _bInstituto de Investigación y Capacitación Agropecuaria Acuícola y Forestal del Estado de México, _c1994 |
||
| 300 | _aHoja desplegable | ||
| 490 |
_aInstituto de Investigación y Capacitación Agropecuaria Acuícola y Forestal del Estado de México. Desplegable _v; 10 |
||
| 590 |
_aBATCH-UPD _b10 _c20130110 _lUCH01 _h0453 |
||
| 590 |
_aBATCH-UPD _b10 _c20130110 _lUCH01 _h2337 |
||
| 590 |
_aBATCH-UPD _b10 _c20130410 _lUCH01 _h0130 |
||
| 590 |
_aBATCH-UPD _b10 _c20130410 _lUCH01 _h1626 |
||
| 590 |
_aBATCH-UPD _b10 _c20130914 _lUCH01 _h1129 |
||
| 590 |
_aCONVERSION _b10 _c20130109 _lUCH01 _h1333 |
||
| 650 | 1 | 4 |
_aCultivos en invernadero. _930376 |
| 650 | 1 | 4 |
_aLilium. _966770 |
| 700 | 0 |
_aTorres Morán, María Isabel. _9114183 |
|
| 830 | 0 |
_aInstituto de Investigación y Capacitación Agropecuaria Acuícola y Forestal del Estado de México. Desplegable _v; 10 _959156 |
|
| 901 | _aBK | ||
| 942 | _cFOLL | ||
| 949 |
_aFolleto 14702 v.10 _bBC _cFOLL _d-151276 _eTS1 _i66148 _si |
||
| 949 |
_aFolleto 14702 v.10 _bBC _cFOLL _d-151277 _eTS2 _fc.2 _i66148 _si |
||
| 999 |
_c61004 _d61004 |
||